000
00186 a2200097 4500
001
41472
100
_a
Zahid Malik
245
_a
#NAME?
260
_a
Londan
_b
_c
090
_c
25636
_d
25636
942
_a
NUST-CAE
_c
m
_c
17376
999
_c
276545
_d
276545